MARC

LEADER 00000nam0a2200000 4500
001 277867
005 20231101235045.0
035 |a (RuTPU)RU\TPU\book\301144 
090 |a 277867 
100 |a 20141206d2014 m y0rusy50 ca 
101 0 |a rus 
102 |a RU 
105 |a a z 000zb 
200 1 |a Судьба и годы: Петр Александрович Обидо  |f В. А. Полев 
210 |a Томск  |c Ветер  |d 2014 
215 |a 144 с.  |c ил. 
600 1 |a Обидо  |b П. А.  |c ветеран Великой Отечественной войны, участник парадов Победы 1941 и 1945 годов на Красной площади в Москве  |f 1919-  |g Петр Александрович  |y Томск  |2 stltpush  |3 (RuTPU)RU\TPU\pers\33146  |9 16967 
606 1 |a Томская область в Великой Отечественной войне 1941-1945  |2 stltpush  |3 (RuTPU)RU\TPU\subj\66914  |9 82890 
606 1 |a Великая Отечественная война 1941-1945  |x Персоналии  |2 stltpush  |3 (RuTPU)RU\TPU\subj\66793  |9 82827 
610 1 |a Великая Отечественная война 1941-1945 
610 1 |a ветераны 
610 1 |a воспоминания 
610 1 |a Россия 
610 1 |a 20 век 
686 |a Т3(2)622-9  |v LBC/SL-A  |2 rubbk 
686 |a Т3(2)622,88  |v LBC/SL-A  |2 rubbk 
700 1 |a Полев  |b В. А.  |g Владимир Александрович 
801 1 |a RU  |b 63413507  |c 20141206 
801 2 |a RU  |b 63413507  |c 20141215  |g RCR 
942 |c BK